00309nam a2200109Ia 4500008004100000041000800041100002000049245005200069260003500121300000900156700003400165250110s9999 xx 000 0 und d aeng aYadkikar Devika aRegional Forest Research And Training Insitiute bFinal Year B. Arch, BNCAc2014 a115p aGuide Name:Nivasarkar Sandhya